01608nam a2200409 i 450000100060000000300080000600500170001400600190003100700150005000800410006502000180010602000270012403500230015103500240017403500250019803500210022304000310024405000220027508200160029710000290031324500960034226400420043830000410048033600310052133700330055233800430058549000450062858801290067359001640080265000290096665000310099565500270102679700190105383000470107285600620111999900170118120360FlNmELB20241216213835.0m o d | cr cnu||||||||140924s2013 ec o 000 0 spa d z9789978320846 a9781449258849 (e-book) a(MiAaPQ)EBC3222712 a(Au-PeEL)EBL3222712 a(CaPaEBR)ebr10903361 a(OCoLC)949118033 aFINmELBbspaerdacFINmELB 4aPN5067bA345 20130 a079.8662231 aAlbuja Galindo, Alfredo.13aEl periodismo en la dialéctica política ecuatoriana.nTomo 1 /cAlfredo Albuja Galindo. 1aQuito :bEdiciones La Tierra,c[2013] a1 recurso en línea (203 páginas) atextobtxt2rdacontent/spa acomputadorabc2rdamedia/spa arecurso en líneabcr2rdacarrier/spa1 aColección pensamiento socialista ;v18 aDescripción basada en recurso en línea; Título de la página del título en PDF (e-libro, visto september 24, 2014). aRecurso electrónico. Santa Fe, Arg.: e-libro, 2015. Disponible vía World Wide Web. El acceso puede estar limitado para las bibliotecas afiliadas a e-libro. 0aPresszEcuadorxHistory. 4aPrensazEcuadorxHistoria. 4aLibros electrónicos.2 ae-libro, Corp. 0aColección pensamiento socialista. ;v18.40uhttps://elibro.net/ereader/politecnicointernacional/80013 c20360d20360